000
00286nam a22001337a 4500
008
180202b xxu||||| |||| 00| 0 eng d
020
_a
071831004505
041
_a
eng
080
_a
612.39
100
_a
10
101
_a
NUT
245
_a
Simply vegetarian!
_c
Mair,N
942
_2
udc
_c
BK
999
_c
41622
_d
41622